01967nam a2200265Ia 4500001000600000003000900006008004100015040001300056040001300069041001300082100001100095100002900106245007500135245007500210250001100285260002100296260001900317260004900336300004300385500115000428650004201578650003101620700002101651700002901672E2811IT-RoPAU130308s9999 xx 000 0 und d aIT-RoPAU cIT-RoPAU aITALIANO aAA.VV. gCodice Aut. SPICS: 12000 aLinguaggio per la nuova evangelizzazione nella missione al popolo (Il) bLinguaggio per la Nuova Evangelizzazione nella missione al Popolo (Il) a1a ed. aS. GABRIELE (TE) bEditoriale Eco c1997 [1° Ed.:1997 - Ed.Ling.Originale:1997] a"192 p. (prefazione: no ; testo: 192)" aAtti del Xiv Corso di Aggiornamento per missionari Itineranti. comunicazioni e Missioni in Italia di John Patrick Foley. religiosi e missione Itinerante di P. Sante Bisignano. Cuore dell'uomo Luogo dell'evangelizzazione di Lilia Capretti. progetto Culturale del Convegno Ecclesiale di Palermo di Mons. Clemente Riva. missione al Popolo e Comunicazione Sociale: Nuova Mappa della Distribuzione dei Media di Tarcisio Cesarato, Tipologia dei Media in Base Alle caratteristiche dell'Emittente di Tarcisio Cesarato, Multimedialità al Servizio della missione al Popolo e Possibilità Offerte Dai Nuovi Media: Esempi di Multimedialità e Informazione di Lorenzo Vezzani, Quali Competenze e Quali Strumenti per L'Uso Ottimale dei Nuovi mezzi di Carlo Cibien, una Griglia di Lettura per I Nuovi Linguaggi, Messaggio Unitario e Stiledi collaborazione per le Missioni al Popolo. missione 2000 nell'Archidiocesi di Bologna di Mons. Alberto di Chio. Padova missione 1997: una Città incontra la Parola di Mons. Giuseppe Masiero. missione Giubileo nella Diocesidi Pordenone di Mons. Lorenzo Cozzarin. Echi della Stampa. Altre Relazionicon scheda a Parte. aSAGGI PASTORALE COMUNICAZIONE SOCIALE eCodice materia Spics: 9311 aTaccone Fernando gCodice Aut. SPICS: 48169